LEADER 00760nam0 2200277 450 001 9911032678403321 005 20251010124643.0 010 $a9780198745334 100 $a20251010d2017----km y0itay50 ba 101 0 $aeng 102 $aUS 105 $aa 001yy 200 1 $aInvasion Dynamics$fCang Hui, David M: Richardson 210 $aNew York$cOxford University Press$dc2017 215 $aX, 321 pag.$cill.$d28 cm 610 0 $aEcologia 676 $a577.56$v23$zita 700 1$aHui$bCang$01062084 701 1$aRichardson,$bDavid M.$078055 801 0$aIT$bUNINA$gREICAT$2UNIMARC 901 $aBK 912 $a9911032678403321 952 $a577.56-HUI-1$b348/2025$fSC1 959 $aSC1 996 $aInvasion Dynamics$94444892 997 $aUNINA